ARRUPE JESUIT UNIVERSITY

CORONAVIRUS -STOP THE SPREAD - CLEAN,DISINFECT,COVER

Creating parliamentary government : (Record no. 127798)

MARC details
000 -LEADER
fixed length control field 01488cam a2200361 a 4500
001 - CONTROL NUMBER
control field 725447
003 - CONTROL NUMBER IDENTIFIER
control field ARRUPE
005 - DATE AND TIME OF LATEST TRANSACTION
control field 20180326120845.0
008 - FIXED-LENGTH DATA ELEMENTS--GENERAL INFORMATION
fixed length control field 980309s1998 ohua b s001 0 eng
010 ## - LIBRARY OF CONGRESS CONTROL NUMBER
LC control number 98016298
020 ## - INTERNATIONAL STANDARD BOOK NUMBER
International Standard Book Number 0814207693 (cloth : alk. paper)
020 ## - INTERNATIONAL STANDARD BOOK NUMBER
International Standard Book Number 0814207707 (pbk. : alk. paper)
040 ## - CATALOGING SOURCE
Original cataloging agency DLC
Transcribing agency DLC
Modifying agency DLC
043 ## - GEOGRAPHIC AREA CODE
Geographic area code e-bu---
050 00 - LIBRARY OF CONGRESS CALL NUMBER
Classification number JN9607
Item number .M45 1998
082 00 - DEWEY DECIMAL CLASSIFICATION NUMBER
Classification number 320.9499/09/049
Edition number 21
300 ## - PHYSICAL DESCRIPTION
Other physical details ill. ;
Dimensions 24 cm.
100 1# - MAIN ENTRY--PERSONAL NAME
Personal name Melone, Albert P.
9 (RLIN) 41046
245 10 - TITLE STATEMENT
Title Creating parliamentary government :
Remainder of title the transition to democracy in Bulgaria /
Statement of responsibility, etc Albert P. Melone.
260 ## - PUBLICATION, DISTRIBUTION, ETC. (IMPRINT)
Place of publication, distribution, etc Columbus :
Name of publisher, distributor, etc Ohio State University Press,
Date of publication, distribution, etc c1998.
300 ## - PHYSICAL DESCRIPTION
Extent xxi, 323 p. :
440 #0 - SERIES STATEMENT/ADDED ENTRY--TITLE
Title Parliaments and legislatures series
9 (RLIN) 41047
504 ## - BIBLIOGRAPHY, ETC. NOTE
Bibliography, etc Includes bibliographical references (p. 293-306) and index.
610 10 - SUBJECT ADDED ENTRY--CORPORATE NAME
Corporate name or jurisdiction name as entry element Bulgaria.
Subordinate unit Narodno sÅ­branie
General subdivision History.
9 (RLIN) 41048
650 #0 - SUBJECT ADDED ENTRY--TOPICAL TERM
Topical term or geographic name as entry element Legislative bodies
Geographic subdivision Bulgaria
General subdivision History.
9 (RLIN) 41049
650 #0 - SUBJECT ADDED ENTRY--TOPICAL TERM
Topical term or geographic name as entry element Representative government and representation
Geographic subdivision Bulgaria
General subdivision History.
9 (RLIN) 41050
650 #0 - SUBJECT ADDED ENTRY--TOPICAL TERM
Topical term or geographic name as entry element Democracy
Geographic subdivision Bulgaria
General subdivision History.
9 (RLIN) 41051
650 #0 - SUBJECT ADDED ENTRY--TOPICAL TERM
Topical term or geographic name as entry element Democratization
Geographic subdivision Bulgaria
General subdivision History.
9 (RLIN) 41052
651 #0 - SUBJECT ADDED ENTRY--GEOGRAPHIC NAME
Geographic name Bulgaria
General subdivision Politics and government
Chronological subdivision 1990-
9 (RLIN) 41053
906 ## - LOCAL DATA ELEMENT F, LDF (RLIN)
a 7
b cbc
c orignew
d 1
e ocip
f 19
g y-gencatlg
942 ## - ADDED ENTRY ELEMENTS (KOHA)
Source of classification or shelving scheme Library of Congress Classification
Koha item type Monograph ( Printed materials)
Holdings
Withdrawn status Lost status Source of classification or shelving scheme Damaged status Not for loan Collection code Home library Current library Shelving location Date acquired Total Checkouts Full call number Barcode Date last seen Price effective from Koha item type
    Library of Congress Classification     Main Collection ARRUPE LIBRARY ARRUPE LIBRARY Main Collection 26/03/2018   JN9607 .M45 1998 46600001879 21/06/2018 26/03/2018 Monograph ( Printed materials)

 

Arrupe Library. PO Box MP320 Mt Pleasant, Harare, Zimbabwe
263 242 745411|librarian@aju.ac.zw